Statistics for Billy Joel Quiz

Click here to take the quiz!

General Stats

  • This quiz has been taken 106 times
  • The average score is 9 of 25

Answer Stats

Answer% Correct
Piano man
99%
Uptown Girl
82%
We Didn't Start the Fire
82%
My Life
55%
It's Still Rock and Roll to me
54%
Allentown
50%
Just the Way you are
49%
Movin' Out
45%
Tell her About it
45%
River of Dreams
41%
She's always a woman
41%
You may be right
40%
Big Shot
39%
The longest time
39%
Pressure
32%
She's Got a Way
27%
An innocent man
18%
Say goodbye to Hollywood
18%
You're only human
15%
Don't Ask me why
13%
Keeping the Faith
13%
A matter of trust
11%
This is the time
11%
I go to Extremes
10%
Modern woman
6%

Score Distribution

Percentile by Number Answered

Percent of People with Each Score

Your Score History

You have not taken this quiz